Ešte sa stretneme

Podrobná bibliografia
Hlavný autor: Rákay, Anton, 1925-2013 (Autor)
Médium: Kniha
Jazyk:slovenčina
Fyzický popis:124 s. 22 cm
Vydavateľské údaje: Bratislava Vydavateľstvo Spolku slovenských spisovateľov 2011
ISBN:9788080614683
Vydanie:1. vyd.
Predmet:

MARC

LEADER 00000cam a2200000 a 4500
001 vtls010331276
003 SK-MaSNL
005 20260301173428.0
008 240313s2011 xo g 000 j slo
015 |a SNBA2012/02-01042 
020 |a 9788080614683  |q (viaz.) 
035 |a A67D6B37-C414-4BD9-A270-1F04F19D8534 
035 |a urn:nbn:sk:snk-amjjej 
035 |a urn:nbn:sk:snk-am000xc4 
040 |a SNK  |b slo  |c SNK  |e AACR2 
041 0 |a slo 
044 |a xo  |c SK 
072 7 |a 821.162.4-3  |x Slovenská próza  |2 konspekt 
080 |a 821.162.4-32  |2 2001 
080 |a 94(100)"1939/1948"  |2 2001 
080 |a (=411.16)  |2 2001 
080 |a 343.819.5  |2 2001 
080 |a (0:82-32)  |2 2001 
100 1 |a Rákay, Anton,  |d 1925-2013  |4 aut  |9 158322 
245 1 0 |a Ešte sa stretneme  |c Anton Rákay 
250 |a 1. vyd. 
260 |a Bratislava  |b Vydavateľstvo Spolku slovenských spisovateľov  |c 2011 
300 |a 124 s.  |c 22 cm 
650 0 7 |a druhá svetová vojna (1939-1945)  |2 SNKPH  |9 169657 
650 0 7 |a Židia  |2 SNKPH  |9 3760 
650 0 7 |a koncentračné tábory  |2 SNKPH  |9 2654 
650 0 7 |a World War (1939-1945)  |2 SNKPHeng  |9 284172 
650 0 7 |a Jews  |2 SNKPHeng  |9 267345 
650 0 7 |a Concentration camps  |2 SNKPH  |9 314449 
655 7 |a slovenské poviedky  |2 SNKPH  |9 70226 
655 7 |a Slovak stories  |2 SNKPHeng  |9 277112 
852 |a Štátna vedecká knižnica v Banskej Bystrici 
919 |a 978-80-8061-468-3 
958 |a LX 
968 |d 821 
999 |c 836636  |d 838566 
952 |a SNK  |b SNK  |y PREZ  |7 0  |p 17A0798624  |o snkSC 147692  |i snk2012/498  |8 0  |0 0  |1 0  |4 0  |d 2012-01-09  |l 0  |r 2025-07-16 00:00:00  |w 2026-02-24 
952 |a SNK  |b SNK  |y PREZ  |7 0  |p 17A0798623  |o snkSC 147692 D1  |i snk2012/499  |8 0  |0 0  |1 0  |4 0  |d 2012-01-09  |f 1  |l 0  |r 2026-02-24 03:57:00  |w 2026-02-24